| 000 | 00559cam a2200145 4500500 | ||
|---|---|---|---|
| 005 | 20260208002444.0 | ||
| 041 | _afre | ||
| 042 | _adc | ||
| 100 | 1 | 0 |
_aMasset, Claude _eauthor |
| 245 | 0 | 0 | _aClaudine Cohen, La Méthode de Zadig. La trace, le fossile, la preuve, Paris, Le Seuil, 2011, 341 p., bibl., index, ill., fig. (« Science ouverte »). |
| 260 | _c2012. | ||
| 500 | _a74 | ||
| 786 | 0 | _nL'Homme | 202 | 2 | 2012-05-01 | p. 227a-228a | 0439-4216 | |
| 856 | 4 | 1 | _uhttps://shs.cairn.info/revue-l-homme-2012-2-page-227a?lang=fr&redirect-ssocas=7080 |
| 999 |
_c1646458 _d1646458 |
||